Estudio prc̀tico del Rǧimen Fiscal del Autotransporte Federal y Local

Detalles Bibliográficos
Autor principal: Luna Guerra, Antonio
Formato: eBook
Lenguaje:español
Publicado: Mx̌ico DF: Ediciones Fiscales ISEF, 2017
Materias:
Acceso en línea:Acceso restringido

MARC

LEADER 00000nam a22000007a 4500
005 20170825212616.0
007 cr|||| ||||
008 170825s2017 mx |||||s|||| 00||0 spa d
020 |a 978-607-406-893-1 
035 |a 20431 
040 |a vLex 
090 |c 6844  |d 6844 
100 1 |a Luna Guerra, Antonio 
245 1 0 |a Estudio prc̀tico del Rǧimen Fiscal del Autotransporte Federal y Local  |h [Recurso electrn̤ico] /  |c Antonio Luna Guerra 
256 |a Servicio en ln̕ea 
260 |a Mx̌ico DF:  |b Ediciones Fiscales ISEF,  |c 2017 
300 |a 1 recurso electrn̤ico 
506 1 |a Disponible solo en los productos indicados  |d vLex Global  |d vLex Global (Academic Edition, excluding Law Schools)  |d vLex Global (U.S. Academic Edition, Law Schools)  |d vLex Global (U.S. Academic Edition, excluding Law Schools)  |d vLex Global (Academic Edition, Law Schools) 
650 0 4 |a Derecho Fiscal  |z Mx̌ico 
740 0 |a vLex Libros (Servicio en ln̕ea) 
856 4 0 |u http://vlex.com/source/estudio-practico-regimen-fiscal-autotransporte-federal-local-20431  |z Acceso restringido 
942 |c BOOK 
999 0 |a Tax Law